Pop fiction : (Record no. 2338)
[ view plain ]
| 000 -LEADER | |
|---|---|
| fixed length control field | 00935nam a2200241 a 4500 |
| 003 - CONTROL NUMBER IDENTIFIER | |
| control field | BD-DhJNU |
| 005 - DATE AND TIME OF LATEST TRANSACTION | |
| control field | 20251104050408.0 |
| 008 - FIXED-LENGTH DATA ELEMENTS--GENERAL INFORMATION | |
| fixed length control field | 060113s2005 enka 001 0 eng d |
| 020 ## - INTERNATIONAL STANDARD BOOK NUMBER | |
| International Standard Book Number | 184150078X |
| 040 ## - CATALOGING SOURCE | |
| Original cataloging agency | BD-DhJNU |
| Language of cataloging | ENG |
| Transcribing agency | BD-DhJNU |
| Modifying agency | BD-DhJNU |
| 082 00 - DEWEY DECIMAL CLASSIFICATION NUMBER | |
| Classification number | 781.542 POP |
| Edition number | 23 |
| 245 00 - TITLE STATEMENT | |
| Title | Pop fiction : |
| Remainder of title | the song in cinema / |
| Statement of responsibility, etc. | edited by Steve Lannin and Matthew Caley. |
| 260 ## - PUBLICATION, DISTRIBUTION, ETC. | |
| Place of publication, distribution, etc. | Bristol, UK ; |
| -- | Portland, Or. : |
| Name of publisher, distributor, etc. | Intellect, |
| Date of publication, distribution, etc. | c2005. |
| 300 ## - PHYSICAL DESCRIPTION | |
| Extent | 173 p. ; |
| Other physical details | ill. ; |
| Dimensions | 23 cm. |
| 504 ## - BIBLIOGRAPHY, ETC. NOTE | |
| Bibliography, etc. note | Includes bibliographical references and index. |
| 650 #0 - SUBJECT ADDED ENTRY--TOPICAL TERM | |
| Topical term or geographic name entry element | Motion picture music |
| General subdivision | History and criticism. |
| 650 #0 - SUBJECT ADDED ENTRY--TOPICAL TERM | |
| Topical term or geographic name entry element | Popular music |
| General subdivision | History and criticism. |
| 700 1# - ADDED ENTRY--PERSONAL NAME | |
| Personal name | Lannin, Steve. |
| 700 1# - ADDED ENTRY--PERSONAL NAME | |
| Personal name | Caley, Matthew. |
| 856 42 - ELECTRONIC LOCATION AND ACCESS | |
| Materials specified | Publisher description |
| Uniform Resource Identifier | <a href="http://www.loc.gov/catdir/enhancements/fy0801/2006271816-d.html">http://www.loc.gov/catdir/enhancements/fy0801/2006271816-d.html</a> |
| 856 41 - ELECTRONIC LOCATION AND ACCESS | |
| Materials specified | Table of contents only |
| Uniform Resource Identifier | <a href="http://www.loc.gov/catdir/enhancements/fy0801/2006271816-t.html">http://www.loc.gov/catdir/enhancements/fy0801/2006271816-t.html</a> |
| 942 ## - ADDED ENTRY ELEMENTS (KOHA) | |
| Koha item type | Books |
| Withdrawn status | Lost status | Source of classification or shelving scheme | Damaged status | Not for loan | Collection | Home library | Current library | Shelving location | Date acquired | Source of acquisition | Total checkouts | Full call number | Barcode | Date last seen | Copy number | Price effective from | Koha item type |
|---|---|---|---|---|---|---|---|---|---|---|---|---|---|---|---|---|---|
| Dewey Decimal Classification | Non-fiction | Jagannath University Central Library | Jagannath University Central Library | General stacks | 11/04/2025 | Purchased | 781.542 POP | JNUCL36023 | 11/04/2025 | 1 | 11/04/2025 | Books | |||||
| Dewey Decimal Classification | Non-fiction | Jagannath University Central Library | Jagannath University Central Library | General stacks | 11/04/2025 | Purchased | 781.542 POP | JNUCL36024 | 11/04/2025 | 2 | 11/04/2025 | Books |